| 000 | 00655nam a22001817a 4500 | ||
|---|---|---|---|
| 020 | _qHard Cover. | ||
| 082 | _a330 | ||
| 100 | _aAhmed Masood : Hassan Rehan : Yahya Saeed Khan. | ||
| 245 |
_aInvestigating the Non-Linear relationship Between Debt &Economic Growth in Pakistan / _cMasood, Ahmed : Rehan, Hassan : Khan, Yahya Saeed |
||
| 260 |
_aIslamabad: _bS3H-NUST, _c2021. |
||
| 300 |
_a38 p. : _bill. ; _c30cm. |
||
| 563 | _aHB | ||
| 650 | _aBS-Economics. | ||
| 700 |
_aDr. Ather Maqsood Ahmad _955368 |
||
| 856 | _uhttp://10.250.8.41:8080/xmlui/handle/123456789/24370 | ||
| 942 |
_2ddc _cPR |
||
| 999 |
_c566209 _d566209 |
||